Cálculos laborales : (Registro nro. 63355)
[ vista simple ]
| 000 -LEADER | |
|---|---|
| campo de control de longitud fija | 03244cam a22003134i 4500 |
| 003 - IDENTIFICADOR DE NÚMERO DE CONTROL | |
| campo de control | PE-LiUPU |
| 005 - FECHA Y HORA DE LA ÚLTIMA TRANSACCIÓN | |
| campo de control | 20260326170532.0 |
| 008 - DATOS DE LONGITUD FIJA--INFORMACIÓN GENERAL | |
| campo de control de longitud fija | 2508s2025 pe a b 000 0 spa d |
| 020 ## - NÚMERO INTERNACIONAL ESTÁNDAR DEL LIBRO | |
| Número Internacional Estándar del Libro | 9786123331603 |
| 040 ## - FUENTE DE CATALOGACIÓN | |
| Centro catalogador/agencia de origen | PE-LiUPU |
| Lengua de catalogación | spa |
| Centro/agencia transcriptor | PE-LiUPU |
| Normas de descripción | rda |
| 082 04 - NÚMERO DE LA CLASIFICACIÓN DECIMAL DEWEY | |
| Número de clasificación | 657.3 |
| Cutter | A117c |
| Número de edición | 20 |
| 100 1# - ENTRADA PRINCIPAL--NOMBRE DE PERSONA | |
| Nombre de persona | Abanto Bromley, Martha, |
| Término indicativo de función/relación | autora. |
| 9 (RLIN) | 8284 |
| 245 10 - MENCIÓN DEL TÍTULO | |
| Título | Cálculos laborales : |
| Resto del título | casos prácticos con asientos contables según PCGE y aplicación de NIIF / |
| Mención de responsabilidad, etc. | Martha Abanto Bromley. |
| 264 #1 - PRODUCCIÓN, PUBLICACIÓN, DISTRIBUCIÓN, FABRICACIÓN Y COPYRIGHT | |
| Producción, publicación, distribución, fabricación y copyright | Lima : |
| Nombre del de productor, editor, distribuidor, fabricante | Gaceta Jurídica S.A., |
| Fecha de producción, publicación, distribución, fabricación o copyright | 2025. |
| 300 ## - DESCRIPCIÓN FÍSICA | |
| Extensión | 271 páginas : |
| Otras características físicas | ilustraciones ; |
| Dimensiones | 24 cm |
| 336 ## - TIPO DE CONTENIDO | |
| Término de tipo de contenido | text |
| Fuente | rdacontent |
| 337 ## - TIPO DE MEDIO | |
| Nombre/término del tipo de medio | unmediated |
| Fuente | rdamedia |
| 338 ## - TIPO DE SOPORTE | |
| Nombre/término del tipo de soporte | volume |
| Fuente | rdacarrier |
| 490 0# - MENCIÓN DE SERIE | |
| Mención de serie | Contadores & Empresas |
| 504 ## - NOTA DE BIBLIOGRAFÍA, ETC. | |
| Nota de bibliografía, etc. | Incluye referencias bibliográficas. |
| 505 0# - NOTA DE CONTENIDO CON FORMATO | |
| Nota de contenido con formato | Presentación -- Beneficios a los trabajadores según la normativa contable -- Qué son los beneficios a los trabajadores -- Tipos de beneficios a los trabajadores -- Reconocimiento de los principales beneficios -- Beneficios a corto plazo -- Beneficios por terminación -- Pagos a trabajadores liquidables en efectivo -- Registro de beneficios a los trabajadores según PCGE -- Qué es el PCGE -- Registro del gasto por beneficios a los trabajadores por naturaleza -- Registro del gasto por beneficios a los trabajadores por función -- Contratos de trabajo -- Remuneración -- Remuneración básica -- Remuneración variable por destajo -- Remuneración integral anual -- Conceptos remunerativos -- Asignación familiar -- Alimentación principal en dinero o especie -- Prestación alimentaria suministro indirecto -- Jornada de trabajo y sobretiempo -- Tipos de jornadas de trabajo -- Descansos remunerados -- Feriados y días no laborables -- Descanso semanal obligatorio -- Conceptos no remunerativos -- Bonificaciones -- Gratificaciones extraordinarias -- Canasta de Navidad -- Gift card tarjeta de regalo -- Almuerzos y fiestas -- Pago como condición de trabajo -- Recargo al consumo -- Indemnización por vacaciones no gozadas -- Indemnización por despido arbitrario -- Subsidio por maternidad -- Subsidio por incapacidad temporal por enfermedad -- Deudas del personal -- Anticipo de remuneraciones -- Préstamo al personal -- Entregas a rendir cuenta -- Aportaciones del empleador y descuentos -- Seguro Social de Salud EsSalud -- Seguro complementario de trabajo de riesgo -- Seguro Vida Ley -- Seguro particular de salud EPS -- Senati -- ONP o AFP -- Impuesto a la renta -- Obligaciones con terceros relacionados con servicios de trabajadores -- Intermediación laboral -- Tercerización de servicios -- Directorio -- Gratificación ordinaria -- Compensación por tiempo de servicios -- Vacaciones -- Participación de utilidades a los trabajadores -- Incentivo por renuncia -- PDT planilla electrónica PLAME. |
| 650 20 - PUNTO DE ACCESO ADICIONAL DE MATERIA--TÉRMINO DE MATERIA | |
| Término de materia o nombre geográfico como elemento de entrada | Remuneraciones |
| Subdivisión general | Contabilidad |
| Subdivisión geográfica | Perú |
| 9 (RLIN) | 8295 |
| 650 24 - PUNTO DE ACCESO ADICIONAL DE MATERIA--TÉRMINO DE MATERIA | |
| Término de materia o nombre geográfico como elemento de entrada | Prestaciones sociales |
| Subdivisión general | Contabilidad |
| Subdivisión geográfica | Perú |
| 9 (RLIN) | 8296 |
| 650 24 - PUNTO DE ACCESO ADICIONAL DE MATERIA--TÉRMINO DE MATERIA | |
| Término de materia o nombre geográfico como elemento de entrada | Contabilidad de costos laborales |
| 9 (RLIN) | 8297 |
| 650 24 - PUNTO DE ACCESO ADICIONAL DE MATERIA--TÉRMINO DE MATERIA | |
| Término de materia o nombre geográfico como elemento de entrada | Derecho laboral |
| Subdivisión general | Aspectos legales |
| Subdivisión geográfica | Perú |
| 9 (RLIN) | 3640 |
| 700 ## - ENTRADA AGREGADA--NOMBRE PERSONAL | |
| Nombre de persona | Corilloclla De La Cruz, Henry, |
| Término indicativo de función/relación | colaborador. |
| 9 (RLIN) | 8298 |
| 942 ## - ELEMENTOS DE ENTRADA SECUNDARIOS (KOHA) | |
| Fuente del sistema de clasificación o colocación | Clasificación Decimal Dewey |
| Tipo de ítem Koha | Libros físicos |
| 980 ## - EQUIVALENCIA O REFERENCIA-CRUZADA-MENCIÓN DE SERIE--NOMBRE DE PERSONA/TÍTULO [LOCAL, CANADÁ] | |
| ID del usuario creador del registro | 18228 |
| Nombre del creador del registro | Rebeca Esther Huerta Leyton |
| ID del último usuario que modificó el registro | 18226 |
| Nombre del último usuario que modificó el registro | Jaime Vilcazán Jefe de Análisis Documental |
| Visto por última vez | Total de préstamos | Signatura topográfica completa | Código de barras | Copia número | Coste, precio de reemplazo | Fecha de reemplazo | Facultad | Tipo de ítem Koha | Estado de pérdida | Fuente del sistema de clasificación o colocación | Restricciones de uso | No para préstamo | Colección | Programa académico | Biblioteca de origen | Biblioteca actual | Ubicación en estantería | Fecha de adquisición | Fuente de adquisición | Coste, precio normal de compra |
|---|---|---|---|---|---|---|---|---|---|---|---|---|---|---|---|---|---|---|---|---|
| 2026-03-31 | 657.3 A117c | 83160 | e1 | 51.26 | 2026-03-24 | FCE | Libros físicos | No Perdido | Clasificación Decimal Dewey | No restringido | Disponible para préstamos | Colección General | Contabilidad, Gestión Tributaria Y Aduanera | Biblioteca CRAI UPeU Lima | Biblioteca CRAI UPeU Lima | Sala principal | 2026-03-23 | Suscripción, Solutions Mihael & Ruby SACS | 46.26 |